000 01002nam a22002537a 4500
005 20170124103121.0
010 _aB-241373
020 _c150.00
_a8174630007
035 _aB-241373
037 _bCen Lib/Ret
040 _aDPL
_bHN
082 _a398.25
_bराखीगो
100 _aराखी गोपाल
_981919
245 _aभारत की लोक कथाएं /
_cराखी गोपाल
246 _aBharat ki lok kathayen /
_bby Rakhi Gopal
260 _aदिल्ली
_bपाण्डुलिपि प्रकाशन
_c2007
270 _bदिल्ली
_a77/1, ईस्ट आजाद नगर
_e110051
300 _a135पृ.
_c20सेमी(सजिल्द )
650 _aलोकगीत - भारत
_x
_z
_981920
650 _aकहानियों - भारत
_981921
650 _a Folklore -- India
_981922
650 _aTales -- India
_932000
942 _2ddc
_cHN
_h398.25
_mराखीगो
999 _c118790
_d118790